Carregando...

The interpretation of ultrastructure /

Detalhes bibliográficos
Autor principal: HarrisR J C
Formato: Printed Book
Idioma:English
Publicado em: Academic Press&c c1962.
Edição:4th ed.
LEADER 00413nam a2200121Ia 4500
008 130611s9999 xx 000 0 eng d
100 |a HarrisR J C  
245 |a The interpretation of ultrastructure / 
250 |a 4th ed. 
260 |b Academic Press&c  |c c1962. 
942 |c BK 
999 |c 125526  |d 125526 
952 |0 0  |1 0  |2 ddc  |4 0  |6 571_600000000000000_INT  |7 0  |9 138901  |a ZOO  |b ZOO  |c ST1  |d 2013-06-11  |h Vol.1  |o 571.6 INT  |p ZOO1179  |r 2013-06-11  |y BK